| Tag |
First Indicator |
Second Indicator |
Subfields |
| LEADER |
00000cam a2200000 a 4500 |
| 001 |
in00001402300 |
| 005 |
20151020054130.0 |
| 008 |
970317s1997 sz a 001 0 eng d |
| 020 |
|
|
|a 2880462789
|
| 035 |
|
|
|a (OCoLC)36563696
|
| 035 |
|
|
|9 AHN0488AM
|
| 040 |
|
|
|a LPU
|c LPU
|d NVC
|d TXA
|d UtOrBLW
|
| 049 |
|
|
|a TXAM
|
| 090 |
|
|
|a T385
|b .C3884 1997
|
| 100 |
1 |
|
|a Carter, Rob.
|
| 245 |
1 |
0 |
|a Working with computer type 3 :
|b color & type /
|c Rob Carter.
|
| 246 |
3 |
0 |
|a Working with computer type three.
|
| 264 |
|
1 |
|a Switzerland :
|b Rotovision ;
|c [1997]
|
| 264 |
|
2 |
|a New York, N.Y. :
|b Distributed by Watson Guptill,
|
| 264 |
|
4 |
|c ©1997
|
| 300 |
|
|
|a 159 pages :
|b color illustrations ;
|c 27 cm.
|
| 336 |
|
|
|a text
|b txt
|2 rdacontent
|
| 337 |
|
|
|a unmediated
|b n
|2 rdamedia
|
| 338 |
|
|
|a volume
|b nc
|2 rdacarrier
|
| 500 |
|
|
|a Includes index.
|
| 650 |
|
0 |
|a Type and type-founding
|x Digital techniques.
|
| 650 |
|
0 |
|a Printing
|x Data processing.
|
| 948 |
|
|
|a c:pk
|
| 999 |
|
|
|a MARS
|
| 999 |
f |
f |
|s 3d891784-b215-3511-bb44-19cc4d1ee37c
|i 05f59e25-1eb1-360f-b3ad-d327d7df302a
|t 0
|